000
00281nam a2200133Ia 4500
100
_a
Dynalog micro system
942
_c
BK
654
_a
manual
245
_a
MF Star 85:Users manual
260
_b
Dynalog Micro system
_a
Mumbai
300
_a
83
546
_a
ENGLISH
999
_c
25577
_d
25577